ბათუმის შოთა რუსთაველის სახელმწიფო უნივერსიტეტის ბიბლიოთეკა

შენითა. (ბიბ.ჩანაწერი № 43941)

000 -LEADER
fixed length control field 00666nam a2200229Ia 4500
001 - CONTROL NUMBER
control field 10690
003 - CONTROL NUMBER IDENTIFIER
control field GE_BSU
008 - FIXED-LENGTH DATA ELEMENTS--GENERAL INFORMATION
fixed length control field 181216s||||||||xx |||||||||||||| ||und||
040 ## - CATALOGING SOURCE
Transcribing agency GE_BSU
080 ## - UNIVERSAL DECIMAL CLASSIFICATION NUMBER
Universal Decimal Classification number 821.353.1-1
100 ## - MAIN ENTRY--PERSONAL NAME
Personal name ფოცხიშვილი,მორის
245 ## - TITLE STATEMENT
Title შენითა.
245 ## - TITLE STATEMENT
Remainder of title ლექსები.
245 ## - TITLE STATEMENT
Statement of responsibility, etc. რედ.ნ.ხომერიკი; მხატვ.ი.ბერიშვილი
260 ## - PUBLICATION, DISTRIBUTION, ETC.
Place of publication, distribution, etc. თბილისი.
260 ## - PUBLICATION, DISTRIBUTION, ETC.
Name of publisher, distributor, etc. მერანი.
260 ## - PUBLICATION, DISTRIBUTION, ETC.
Date of publication, distribution, etc. 1983.
300 ## - PHYSICAL DESCRIPTION
Extent 151გვ;17სმ.
300 ## - PHYSICAL DESCRIPTION
Accompanying material პორტრ;ილ.
653 ## - INDEX TERM--UNCONTROLLED
Uncontrolled term შენითა.
942 ## - ADDED ENTRY ELEMENTS (KOHA)
Koha item type წიგნი
ეგზემპლარები
Withdrawn status Lost status Damaged status Not for loan Date acquired Barcode Date last seen Price effective from Koha item type
        2018-12-17 34945 2018-12-17 2018-12-17 წიგნი
        2018-12-17 34946 2018-12-17 2018-12-17 წიგნი